000 01381cam a2200349 a 4500
001 EDZ0000063891
003 StDuBDS
005 20161031105111.0
006 m||||||||d||||||||
007 cr |||||||||||
008 120326s1998 enka fo| 001|0|eng d
020 _a9781446222041 (ebook) :
_cNo price
040 _aStDuBDS
_beng
_cStDuBDS
_epn
049 _aAlfaisal Main Library
050 4 _aHM585
082 0 4 _a301.01
_223
245 0 0 _aCore sociological dichotomies
_h[electronic resource] /
_cedited by Chris Jenks.
260 _aLondon :
_bSAGE,
_c1998.
300 _a1 online resource (ix, 433 p.) :
_bill.
504 _aIncludes bibliographical references and index.
520 8 _aThis introduction to the core concepts of sociology aims to help students develop the 'sociological imagination'. By examining contradictory pairs the student is introduced to alternative explanations for aspects of human conduct over various issues.
521 _aSpecialized.
588 _aDescription based on print version record.
650 0 _aSociology.
650 0 _aSociology
_xPhilosophy.
655 7 _aElectronic books.
_2local
700 1 _aJenks, Chris.
710 2 _aSage eBooks
776 0 8 _iPrint version :
_z9780803979796
856 4 0 _uhttp://ezproxy.alfaisal.edu/login?url=http://sk.sagepub.com/books/core-sociological-dichotomies
942 _2lcc
_cEBOOKS
999 _c479317
_d479317